000 00483nam a2200181Ia 4500
008 230917s9999||||xx |||||||||||||| ||und||
020 _cRS725
040 _e243511
_aMAIN
041 _aEnglish
082 _a005.1 H874S(6)
100 _aHughes, Bob
245 0 _aSoftware project management
250 _a6th ed.
260 _aChennai
_bMcGraw-Hill Education (India)
_c2018
300 _axix, 454 p.
500 _a2943 27/11/2017 HBD17/7108 05/12/2017 UIET (SFS)
942 _cBK
999 _c24697
_d24697